[Event "Kragero Resort Chess A 2018"]
[Site "Kragero"]
[Date "2018.02.25"]
[Round "9"]
[White "Thorfinnsson, Bragi"]
[Black "Houska, Jovanka"]
[Result "1-0"]
[WhiteElo "2426"]
[BlackElo "2408"]
[Annotator "TA"]
[PlyCount "113"]
[EventDate "2018.??.??"]
[EventType "swiss"]
[EventCountry "NOR"]
[SourceTitle "playchess.com"]
[Source "ChessBase"]
[SourceQuality "1"]

{[%evp 17,113,-3,-7,-19,-20,-95,-86,-100,-89,-87,-93,-72,-19,-29,0,-190,-94,-150,0,0,0,-52,-58,-53,-51,-51,-43,-57,-58,-53,-42,-54,-47,-52,0,0,27,17,22,22,85,92,175,166,156,178,239,239,287,168,167,159,163,156,153,142,239,188,181,170,278,289,269,272,380,377,340,332,499,366,553,498,493,484,625,532,475,435,420,373,412,405,373,328,543,516,493,479,690,683,496,29949,29975,29977,29984,29985,29988,29988]} 1. Nf3 d5 2. g3 Bg4 3. Bg2 c6 4. O-O e6 5. d3 Bd6 6. e4 Ne7 7. h3 Bh5 8. Qe1 Nd7 9. Nbd2 O-O 10. b3 {A07: Réti Opening: New York and Capablanca Systems} Bb4 11. Bb2 {[#]} (11. Qe3 $11 {keeps the balance.}) 11... Bxf3 $1 $17 12. Bxf3 {Black is better.} Qa5 13. Rd1 $146 ({Predecessor:} 13. Bc1 Bc3 14. b4 Qxb4 15. a3 Qb6 16. Ra2 dxe4 17. Qxe4 Nd5 {0-1 (31) Marin,M (2569)-Houska,J (2386) Douglas 2016}) 13... Qxa2 14. Rb1 Ba3 (14... Qa5 $17 15. Ra1 Qc5) 15. Ba1 $1 $11 Qxc2 16. Qe3 $2 (16. b4 $1 $11 {and White has nothing to worry.}) 16... e5 (16... a5 $19 {and Black stays clearly on top.} 17. Bd1 Qc5) 17. Bd1 {[#]} (17. b4 $142 d4 18. Qe1) 17... Qa2 (17... Qc5 $1 $17 {Hoping for ...Bb4.} 18. Qxc5 Bxc5) 18. b4 $1 d4 19. Qe2 {[#]} ({Better is} 19. Qe1 $11 Bxb4 20. Rxb4 Qxa1 21. Rxb7) 19... Bxb4 $1 $15 {[%mdl 512]} 20. Rxb4 Qxa1 21. Rxb7 Rad8 22. Bb3 Qa6 23. Rb1 Nc8 {Strongly threatening ...Nd6.} 24. Rc7 Nd6 25. Bc4 $1 {[%cal Rc4a6]} Nxc4 (25... Qa5 $15 26. Rxc6 Nb8) 26. Nxc4 $11 {Threatens to win with Rbb7.} Nc5 27. Nxe5 Rc8 28. Rxc8 Qxc8 (28... Rxc8 $11 29. Kg2 Rf8) 29. Qc2 $16 Nd7 (29... f6 $16) 30. Nxc6 $18 Kh8 31. Nxd4 Qd8 (31... Qxc2 $142 32. Nxc2 Nc5) 32. Nf5 Ne5 33. Rd1 (33. Qc5 $142 Qe8 34. Rb7 Nf3+ 35. Kf1) 33... Nf3+ 34. Kg2 Nd4 35. Nxd4 Qxd4 {[%mdl 4096] Endgame KQR-KQR} 36. Qc4 $40 {[%mdl 128] Black is in trouble.} Qe5 (36... Qxc4 $16 37. dxc4 Ra8) 37. Rc1 h6 38. Qc5 Qb8 (38... Qxc5 $142 39. Rxc5 Rd8) 39. Ra1 Rc8 40. Qxa7 Qb2 41. Qd7 Rf8 42. Ra7 Qe2 (42... Qe5 {was called for.} 43. Qe7 Qxe7 44. Rxe7 Kg8) 43. Rc7 Kh7 (43... Qa2 $142 44. Qe7 Qa8) 44. Qf5+ Kg8 45. d4 g6 46. Qf3 Qb2 47. Qc3 Qb1 48. Qc2 Qb4 49. d5 Qd4 50. Rc8 g5 $2 (50... Qe5 51. f4 Qa1 52. Rxf8+ Kxf8) 51. Rxf8+ Kxf8 {KQ-KQ} 52. Qc8+ Kg7 (52... Ke7 $142 53. Qc7+ Ke8) 53. Qe8 h5 54. Qe7 Kg6 {White mates.} 55. d6 Qb4 56. Qe5 f6 57. Qe6 {Precision: White = 65%, Black = 38%.} 1-0

[Event "Kragero Resort Chess A 2018"]
[Site "Kragero"]
[Date "2018.02.25"]
[Round "9"]
[White "Genocchio, Daniele"]
[Black "Hobber, Anders"]
[Result "1-0"]
[WhiteElo "2385"]
[BlackElo "2286"]
[Annotator "ChessBase"]
[PlyCount "95"]
[EventDate "2018.??.??"]
[EventType "swiss"]
[EventCountry "NOR"]
[SourceTitle "playchess.com"]
[Source "ChessBase"]
[SourceQuality "1"]
[TimeControl "5400+30"]

1. e4 {[%emt 0:02:29]} e6 {[%emt 0:00:00]} 2. d4 {[%emt 0:00:30]} d5 {[%emt 0:00:00]} 3. e5 {[%emt 0:00:38]} c5 {[%emt 0:00:00]} 4. c3 {[%emt 0:00:14]} Nc6 {[%emt 0:00:13]} 5. Be3 {[%emt 0:02:08]} Qb6 {[%emt 0:04:41]} 6. Qd2 {[%emt 0:00:04]} Nh6 {[%emt 0:06:06]} 7. Nf3 {[%emt 0:03:44]} cxd4 {[%emt 0:16:24]} 8. cxd4 {[%emt 0:00:11]} Nf5 {[%emt 0:00:15]} 9. Nc3 {[%emt 0:06:11]} f6 {[%emt 0:07:29]} 10. exf6 {[%emt 0:00:19]} gxf6 {[%emt 0:00:46]} 11. Bd3 {[%emt 0:00:13]} Nxe3 {[%emt 0:00:23]} 12. fxe3 {[%emt 0:00:31]} Bg7 {[%emt 0:06:21]} 13. O-O {[%emt 0:03:34]} O-O {[%emt 0:00:40]} 14. Qf2 {[%emt 0:02:28]} Qd8 {[%emt 0:07:20]} 15. e4 {[%emt 0:05:22]} Nb4 {[%emt 0:03:05]} 16. Bb1 {[%emt 0:03:00]} dxe4 {[%emt 0:01:46]} 17. Bxe4 {[%emt 0:00:28]} f5 {[%emt 0:05:34]} 18. Bb1 {[%emt 0:00:03]} Nc6 {[%emt 0:04:55]} 19. Rd1 {[%emt 0:07:00]} Qb6 {[%emt 0:01:46]} 20. a3 {[%emt 0:00:06]} Rd8 {[%emt 0:00:35]} 21. Ba2 {[%emt 0:00:03]} Rxd4 {[%emt 0:05:00]} 22. Nxd4 {[%emt 0:00:46]} Bxd4 {[%emt 0:00:08]} 23. Rxd4 {[%emt 0:00:08]} Qxd4 {[%emt 0:00:07]} 24. Qxd4 {[%emt 0:13:12]} Nxd4 {[%emt 0:00:12]} 25. Rd1 {[%emt 0:00:20]} Nc6 {[%emt 0:00:38]} 26. b4 {[%emt 0:23:52]} a6 {[%emt 0:01:18]} 27. Na4 {[%emt 0:00:59]} Kf7 {[%emt 0:01:38]} 28. Nb6 {[%emt 0:00:01]} Rb8 {[%emt 0:00:20]} 29. Rd3 {[%emt 0:12:10]} Ke7 {[%emt 0:04:44]} 30. Rh3 {[%emt 0:02:46]} Nd4 {[%emt 0:01:54]} 31. Rxh7+ {[%emt 0:02:54]} Kd6 {[%emt 0:00:17]} 32. h4 {[%emt 0:05:41]} Kc6 {[%emt 0:00:35]} 33. Nc4 {[%emt 0:00:18]} b5 {[%emt 0:02:07]} 34. Ne5+ {[%emt 0:00:16]} Kd6 {[%emt 0:00:34]} 35. Nf7+ {[%emt 0:00:02]} Ke7 {[%emt 0:00:51]} 36. Ng5+ {[%emt 0:00:59]} Kf6 {[%emt 0:01:31]} 37. Rh8 {[%emt 0:00:50]} Ra8 {[%emt 0:00:43]} 38. Rf8+ {[%emt 0:03:10]} Ke5 {[%emt 0:04:43]} 39. h5 {[%emt 0:00:42]} Bb7 {[%emt 0:01:33]} 40. Rxa8 {[%emt 0:00:06]} Bxa8 {[%emt 0:00:03]} 41. h6 {[%emt 0:00:13]} Kf6 {[%emt 0:01:46]} 42. Nxe6 {[%emt 0:01:16]} Nxe6 {[%emt 0:00:39]} 43. Bxe6 {[%emt 0:00:01]} f4 {[%emt 0:00:23]} 44. h7 {[%emt 0:01:08]} Kg7 {[%emt 0:00:06]} 45. Bf5 {[%emt 0:00:02]} Bb7 {[%emt 0:00:45]} 46. Kh2 {[%emt 0:00:17]} Kh8 {[%emt 0:00:32]} 47. Kh3 {[%emt 0:00:05]} Kg7 {[%emt 0:00:14]} 48. Kg4 {[%emt 0:00:22]} 1-0

[Event "Kragero Resort Chess A 2018"]
[Site "Kragero"]
[Date "2018.02.25"]
[Round "9"]
[White "Haug, Johannes"]
[Black "Fossan, Aleksander"]
[Result "1-0"]
[WhiteElo "2355"]
[BlackElo "2004"]
[Annotator "NA"]
[PlyCount "59"]
[EventDate "2018.??.??"]
[EventType "swiss"]
[EventCountry "NOR"]
[SourceTitle "playchess.com"]
[Source "ChessBase"]
[SourceQuality "1"]
[TimeControl "5400+30"]

1. e4 {[%emt 0:00:00]} c5 {[%emt 0:02:21]} 2. Nf3 {[%emt 0:00:00]} g6 {[%emt 0:00:25]} 3. c3 {[%emt 0:00:39]} Bg7 {[%emt 0:00:06]} 4. d4 {[%emt 0:00:12]} cxd4 {[%emt 0:00:11]} 5. cxd4 {[%emt 0:00:06]} d5 {[%emt 0:00:05]} 6. e5 {[%emt 0:00:12]} Bg4 {[%emt 0:00:08]} 7. Bb5+ {[%emt 0:00:16]} Nd7 {[%emt 0:00:05]} 8. O-O {[%emt 0:04:20]} e6 {[%emt 0:00:13]} 9. Nbd2 {[%emt 0:01:13]} a6 {[%emt 0:00:44]} 10. Be2 {[%emt 0:01:37]} Ne7 {[%emt 0:00:13]} 11. h3 {[%emt 0:00:23]} Bxf3 {[%emt 0:00:05]} 12. Nxf3 {[%emt 0:00:09]} O-O {[%emt 0:00:22]} 13. b3 {[%emt 0:06:42]} f6 {[%emt 0:04:38]} 14. exf6 {[%emt 0:07:15]} Nxf6 {[%emt 0:00:52]} 15. Bb2 {[%emt 0:08:19]} Nc6 {[%emt 0:04:39]} 16. Re1 {[%emt 0:04:27]} Ne4 {[%emt 0:05:52]} 17. Rc1 {[%emt 0:17:57]} Bh6 {[%emt 0:05:51]} 18. Rb1 {[%emt 0:02:05]} Nb4 {[%emt 0:05:04]} 19. Bd3 {[%emt 0:07:25]} Nxd3 {[%emt 0:02:35]} 20. Qxd3 {[%emt 0:00:25]} Rc8 {[%emt 0:02:57]} 21. Re2 {[%emt 0:08:51]} Bf4 {[%emt 0:06:12]} 22. g3 {[%emt 0:06:19]} Bh6 {[%emt 0:02:11]} 23. Kg2 {[%emt 0:00:32]} Qf6 {[%emt 0:06:12]} 24. Rf1 {[%emt 0:04:23]} Bg7 {[%emt 0:05:24]} 25. Ne5 {[%emt 0:02:13]} Qf5 {[%emt 0:00:29]} 26. f4 {[%emt 0:04:34]} Bxe5 {[%emt 0:00:27]} 27. dxe5 {[%emt 0:01:13]} Rc6 {[%emt 0:02:30]} 28. g4 {[%emt 0:02:08]} Qf7 {[%emt 0:00:01]} 29. Kh2 {[%emt 0:04:23]} Rd8 {[%emt 0:11:51]} 30. Rxe4 {[%emt 0:01:57]} 1-0

[Event "Kragero Resort Chess A 2018"]
[Site "Kragero"]
[Date "2018.02.25"]
[Round "9"]
[White "Risting, Eivind Olav"]
[Black "Fossan, Andreas"]
[Result "1-0"]
[WhiteElo "2308"]
[BlackElo "1997"]
[Annotator "ChessBase"]
[PlyCount "71"]
[EventDate "2018.??.??"]
[EventType "swiss"]
[EventCountry "NOR"]
[SourceTitle "playchess.com"]
[Source "ChessBase"]
[SourceQuality "1"]
[TimeControl "5400+30"]

1. Nf3 {[%emt 0:00:00]} Nf6 {[%emt 0:01:03]} 2. g3 {[%emt 0:00:00]} d5 {[%emt 0:01:04]} 3. Bg2 {[%emt 0:00:23]} e6 {[%emt 0:00:12]} 4. c4 {[%emt 0:00:27]} Be7 {[%emt 0:00:31]} 5. d4 {[%emt 0:00:47]} O-O {[%emt 0:00:13]} 6. Qc2 {[%emt 0:00:06]} c6 {[%emt 0:00:20]} 7. O-O {[%emt 0:00:06]} a5 {[%emt 0:00:44]} 8. Nbd2 {[%emt 0:02:57]} b5 {[%emt 0:00:19]} 9. cxb5 {[%emt 0:09:37]} cxb5 {[%emt 0:00:09]} 10. e4 {[%emt 0:00:18]} Bb7 {[%emt 0:02:34]} 11. e5 {[%emt 0:02:21]} Nfd7 {[%emt 0:03:36]} 12. Re1 {[%emt 0:05:10]} Nc6 {[%emt 0:00:20]} 13. Nf1 {[%emt 0:01:15]} Rc8 {[%emt 0:01:11]} 14. Qd1 {[%emt 0:00:23]} b4 {[%emt 0:04:51]} 15. h4 {[%emt 0:00:48]} Ba6 {[%emt 0:05:33]} 16. h5 {[%emt 0:01:48]} b3 {[%emt 0:12:08]} 17. a3 {[%emt 0:18:21]} a4 {[%emt 0:02:49]} 18. g4 {[%emt 0:11:16]} h6 {[%emt 0:06:34]} 19. Ne3 {[%emt 0:04:35]} Na5 {[%emt 0:02:56]} 20. Bd2 {[%emt 0:18:23]} Nc4 {[%emt 0:04:05]} 21. Nxc4 {[%emt 0:00:14]} Bxc4 {[%emt 0:00:41]} 22. Bf4 {[%emt 0:02:13]} Ba6 {[%emt 0:12:40]} 23. Rc1 {[%emt 0:02:12]} Nb6 {[%emt 0:05:24]} 24. Rxc8 {[%emt 0:01:43]} Qxc8 {[%emt 0:09:03]} 25. g5 {[%emt 0:01:10]} hxg5 {[%emt 0:01:19]} 26. Nxg5 {[%emt 0:03:53]} Bxg5 {[%emt 0:03:13]} 27. Bxg5 {[%emt 0:01:25]} Qc2 {[%emt 0:03:10]} 28. Qg4 {[%emt 0:00:28]} Qh7 {[%emt 0:03:29]} 29. Re3 {[%emt 0:07:25]} Bd3 {[%emt 0:02:01]} 30. Bf6 {[%emt 0:02:59]} Bf5 {[%emt 0:00:44]} 31. Qg5 {[%emt 0:00:13]} Kh8 {[%emt 0:03:00]} 32. Rg3 {[%emt 0:00:38]} Bg6 {[%emt 0:02:52]} 33. hxg6 {[%emt 0:00:53]} Qxg6 {[%emt 0:00:53]} 34. Rh3+ {[%emt 0:01:20]} Kg8 {[%emt 0:00:43]} 35. Qh4 {[%emt 0:00:05]} gxf6 {[%emt 0:00:42]} 36. Qh8# 1-0

[Event "Kragero Resort Chess A 2018"]
[Site "Kragero"]
[Date "2018.02.25"]
[Round "9"]
[White "Royset, Pal"]
[Black "Pantzar, Milton"]
[Result "1-0"]
[WhiteElo "2285"]
[BlackElo "2260"]
[Annotator "NA"]
[PlyCount "75"]
[EventDate "2018.??.??"]
[EventType "swiss"]
[EventCountry "NOR"]
[SourceTitle "playchess.com"]
[Source "ChessBase"]
[SourceQuality "1"]
[TimeControl "5400+30"]

1. e4 {[%emt 0:00:00]} e5 {[%emt 0:00:06]} 2. Nf3 {[%emt 0:00:04]} Nc6 {[%emt 0:00:05]} 3. Bb5 {[%emt 0:00:59]} a6 {[%emt 0:00:05]} 4. Ba4 {[%emt 0:00:05]} Nf6 {[%emt 0:00:08]} 5. d3 {[%emt 0:00:23]} d6 {[%emt 0:00:05]} 6. Bxc6+ {[%emt 0:01:43]} bxc6 {[%emt 0:00:06]} 7. O-O {[%emt 0:00:49]} Be7 {[%emt 0:04:36]} 8. c4 {[%emt 0:04:03]} O-O {[%emt 0:04:31]} 9. Nc3 {[%emt 0:05:07]} Re8 {[%emt 0:07:10]} 10. h3 {[%emt 0:03:23]} Bf8 {[%emt 0:06:02]} 11. Re1 {[%emt 0:06:52]} Nd7 {[%emt 0:13:36]} 12. d4 {[%emt 0:05:26]} exd4 {[%emt 0:01:28]} 13. Nxd4 {[%emt 0:00:58]} Ne5 {[%emt 0:00:46]} 14. b3 {[%emt 0:02:33]} Bd7 {[%emt 0:02:46]} 15. f4 {[%emt 0:05:50]} Ng6 {[%emt 0:01:17]} 16. f5 {[%emt 0:04:08]} Ne5 {[%emt 0:01:31]} 17. Bf4 {[%emt 0:04:41]} a5 {[%emt 0:09:12]} 18. Nf3 {[%emt 0:02:55]} Nxf3+ {[%emt 0:01:42]} 19. Qxf3 {[%emt 0:00:41]} g6 {[%emt 0:02:40]} 20. fxg6 {[%emt 0:03:17]} hxg6 {[%emt 0:12:55]} 21. e5 {[%emt 0:04:35]} Bg7 {[%emt 0:01:11]} 22. Qg3 {[%emt 0:06:00]} a4 {[%emt 0:08:53]} 23. Nxa4 {[%emt 0:04:00]} Ra5 {[%emt 0:00:59]} 24. c5 {[%emt 0:03:03]} dxc5 {[%emt 0:05:41]} 25. Rad1 {[%emt 0:03:58]} Qc8 {[%emt 0:00:51]} 26. Qc3 {[%emt 0:02:13]} Ra8 {[%emt 0:02:47]} 27. Nxc5 {[%emt 0:00:12]} Bf5 {[%emt 0:00:07]} 28. a4 {[%emt 0:03:29]} Rd8 {[%emt 0:01:28]} 29. Bg5 {[%emt 0:01:28]} Rd5 {[%emt 0:01:04]} 30. Rxd5 {[%emt 0:02:18]} cxd5 {[%emt 0:00:04]} 31. b4 {[%emt 0:01:23]} Qe8 {[%emt 0:02:11]} 32. Bf6 {[%emt 0:02:08]} Bf8 {[%emt 0:02:48]} 33. Rf1 {[%emt 0:03:00]} Bxc5+ {[%emt 0:02:00]} 34. bxc5 {[%emt 0:00:58]} Qxa4 {[%emt 0:02:26]} 35. Rxf5 {[%emt 0:02:34]} gxf5 {[%emt 0:00:07]} 36. Qg3+ {[%emt 0:00:10]} Kf8 {[%emt 0:00:06]} 37. e6 {[%emt 0:01:51]} Qa1+ {[%emt 0:01:21]} 38. Bxa1 {[%emt 0:00:12]} 1-0

[Event "Kragero Resort Chess A 2018"]
[Site "Kragero"]
[Date "2018.02.25"]
[Round "9"]
[White "Kantane, Anna"]
[Black "Sagafos, Magne"]
[Result "0-1"]
[WhiteElo "2254"]
[BlackElo "2384"]
[Annotator "NA"]
[PlyCount "70"]
[EventDate "2018.??.??"]
[EventType "swiss"]
[EventCountry "NOR"]
[SourceTitle "playchess.com"]
[Source "ChessBase"]
[SourceQuality "1"]
[TimeControl "5400+30"]

1. e4 {[%emt 0:00:00]} c5 {[%emt 0:00:13]} 2. Nf3 {[%emt 0:00:00]} d6 {[%emt 0:00:06]} 3. d4 {[%emt 0:00:00]} cxd4 {[%emt 0:00:05]} 4. Nxd4 {[%emt 0:00:05]} Nf6 {[%emt 0:00:07]} 5. Nc3 {[%emt 0:00:06]} g6 {[%emt 0:00:12]} 6. Be3 {[%emt 0:00:08]} Bg7 {[%emt 0:00:05]} 7. f3 {[%emt 0:00:15]} Nc6 {[%emt 0:00:06]} 8. Qd2 {[%emt 0:00:06]} O-O {[%emt 0:00:06]} 9. O-O-O {[%emt 0:01:51]} d5 {[%emt 0:00:24]} 10. Qe1 {[%emt 0:00:27]} e5 {[%emt 0:06:39]} 11. Nxc6 {[%emt 0:00:15]} bxc6 {[%emt 0:00:05]} 12. exd5 {[%emt 0:00:10]} Nxd5 {[%emt 0:00:06]} 13. Bc4 {[%emt 0:00:13]} Be6 {[%emt 0:00:11]} 14. Kb1 {[%emt 0:00:07]} Nxc3+ {[%emt 0:22:34]} 15. Qxc3 {[%emt 0:00:11]} Bd5 {[%emt 0:05:42]} 16. h4 {[%emt 0:18:40]} h5 {[%emt 0:11:24]} 17. Qd3 {[%emt 0:07:20]} Rb8 {[%emt 0:04:05]} 18. b3 {[%emt 0:07:45]} e4 {[%emt 0:22:03]} 19. fxe4 {[%emt 0:01:04]} Bxc4 {[%emt 0:00:43]} 20. Qxc4 {[%emt 0:00:12]} Qe7 {[%emt 0:02:41]} 21. Bc5 {[%emt 0:17:17]} Qe5 {[%emt 0:00:05]} 22. Qd4 {[%emt 0:01:03]} Qc7 {[%emt 0:08:29]} 23. Bd6 {[%emt 0:12:28]} Qa5 {[%emt 0:03:45]} 24. e5 {[%emt 0:00:47]} Rfd8 {[%emt 0:01:03]} 25. Rhe1 {[%emt 0:11:57]} Rb5 {[%emt 0:04:16]} 26. c4 {[%emt 0:00:57]} Rxe5 {[%emt 0:02:07]} 27. Rxe5 {[%emt 0:11:22]} Bxe5 {[%emt 0:00:08]} 28. Qxe5 {[%emt 0:00:05]} Qxe5 {[%emt 0:00:05]} 29. Bxe5 {[%emt 0:00:03]} Rxd1+ {[%emt 0:00:07]} 30. Kc2 {[%emt 0:00:03]} Re1 {[%emt 0:00:31]} 31. Bb8 {[%emt 0:00:57]} Re2+ {[%emt 0:00:12]} 32. Kc3 {[%emt 0:00:22]} Rxa2 {[%emt 0:00:54]} 33. g3 {[%emt 0:00:06]} a5 {[%emt 0:01:08]} 34. Kd4 {[%emt 0:00:07]} f6 {[%emt 0:01:31]} 35. Kc5 {[%emt 0:01:17]} a4 {[%emt 0:00:19]} 0-1

[Event "Kragero Resort Chess A 2018"]
[Site "Kragero"]
[Date "2018.02.25"]
[Round "9"]
[White "Tryggestad, Andreas Garberg"]
[Black "Christiansen, Johan-Sebastian"]
[Result "1/2-1/2"]
[WhiteElo "2241"]
[BlackElo "2498"]
[Annotator "TA"]
[PlyCount "105"]
[EventDate "2018.??.??"]
[EventType "swiss"]
[EventCountry "NOR"]
[SourceTitle "playchess.com"]
[Source "ChessBase"]
[SourceQuality "1"]

{[%evp 18,105,20,14,23,16,27,20,10,7,4,-12,41,0,0,-50,0,-57,-52,-64,0,0,0,0,5,0,116,37,38,33,50,8,35,0,126,129,121,54,99,78,81,41,242,237,247,216,276,271,259,241,376,319,325,311,302,278,268,268,400,389,421,444,427,391,319,340,621,595,731,673,685,656,1053,387,305,100,100,100,100,101,101,203,376,0,12838,0,0,0,0,0]} 1. d4 d5 2. Nf3 Nf6 3. c4 dxc4 4. e3 b5 5. a4 b4 6. Bxc4 {D25: Queen's Gambit Accepted: 4 e3: sidelines and 4...Bg4} e6 7. O-O Be7 8. b3 Bb7 9. Nbd2 O-O 10. Bb2 {LiveBook: 32 Games} Nbd7 11. Rc1 c5 12. Qe2 Rc8 13. Rfd1 $146 cxd4 14. Nxd4 Qa5 ({Black should try} 14... Nc5 $11) 15. h3 (15. Nxe6 $5 fxe6 16. Bxe6+ Kh8 17. Nc4 Rxc4 18. Bxc4 $14) 15... Nc5 16. N2f3 Rfd8 17. Ne1 (17. Ne5 $11) 17... Nfe4 $15 18. Nd3 Bf6 (18... Nxd3 $1 $15 19. Rxd3 Bh4) 19. Nxc5 $11 Nxc5 20. Nb5 Bxb2 21. Qxb2 Ne4 (21... h6 $11) 22. f3 (22. Rxd8+ $1 $16 Rxd8 23. Bxe6 $1 {[%mdl 512]}) 22... a6 $14 23. fxe4 {Threatens to win with Nd6.} axb5 24. Bxb5 Bxe4 (24... Rxd1+ {is interesting.} 25. Rxd1 Bxe4 26. Bc4 h6 27. Qd4 Bd5) 25. Rd4 $40 {[%mdl 128] White attacks.} (25. Rxc8 {feels hotter.} Rxc8 26. Rd7 Bd5 27. Qe5 Qb6 28. Qf4) 25... Qa8 (25... Rxc1+ $11 26. Qxc1 Rxd4 27. exd4 g6) 26. Rxc8 $16 Rxc8 {[#]} 27. Qd2 (27. Bf1 $1 $16) 27... h6 28. Bc4 Bc6 29. Bf1 e5 $2 (29... Bd5 $1 $14) 30. Rxb4 $18 Rd8 31. Qc2 Bd5 32. Rb5 Be4 33. Qc7 f6 (33... Kh7 {was worth a try.} 34. Qxf7 (34. Rxe5 Rd1 $16) 34... Rd1) 34. Ra5 Qc8 35. Qxc8 Rxc8 {[%mdl 4096] Endgame KRB-KRB} 36. Bc4+ Kh7 37. Bd5 Bxd5 (37... Rc1+ $142 38. Kh2 Bxd5 39. Rxd5 Kg6) 38. Rxd5 {KR-KR} Rc3 39. b4 {[%cal Bb3b4,Bb4b5][%mdl 32]} Rxe3 40. a5 Ra3 {[#]} 41. Rd6 $1 e4 $2 (41... Ra1+ 42. Kf2 Kg6) 42. a6 e3 {aiming for ...Ra1+.} 43. Kf1 f5 44. b5 Ra5 45. Rb6 $2 (45. Rd8 f4 46. b6 Ra1+ 47. Ke2 Rxa6 48. b7 Ra2+ 49. Ke1) 45... f4 46. Rb7 $2 (46. Rb8 $18 {has better winning chances.}) 46... Ra1+ $16 47. Ke2 {Hoping for a7.} Ra2+ 48. Kf3 Rf2+ 49. Kg4 {Strongly threatening b6.} Kg6 $2 (49... h5+ {keeps fighting.} 50. Kg5 (50. Kxh5 Rxg2 51. Re7 f3 $18) 50... f3 51. gxf3 Rb2) 50. a7 $2 ({White has to play} 50. Rb6+ $18 Kf7 51. a7) 50... h5+ $11 51. Kh4 Ra2 {White must now prevent ...e2.} 52. Rb6+ $1 Kh7 53. Kxh5 {Precision: White = 55%, Black = 38%.} 1/2-1/2

[Event "Kragero Resort Chess A 2018"]
[Site "Kragero"]
[Date "2018.02.25"]
[Round "9"]
[White "Nordquelle, Daniel"]
[Black "Nielsen, Andre"]
[Result "1/2-1/2"]
[WhiteElo "2220"]
[BlackElo "2145"]
[Annotator "NA"]
[PlyCount "60"]
[EventDate "2018.??.??"]
[EventType "swiss"]
[EventCountry "NOR"]
[SourceTitle "playchess.com"]
[Source "ChessBase"]
[SourceQuality "1"]
[TimeControl "5400+30"]

1. e4 {[%emt 0:00:00]} e5 {[%emt 0:00:07]} 2. Nf3 {[%emt 0:00:00]} Nc6 {[%emt 0:00:07]} 3. Bc4 {[%emt 0:00:00]} Nf6 {[%emt 0:00:12]} 4. d3 {[%emt 0:00:00]} Bc5 {[%emt 0:00:24]} 5. O-O {[%emt 0:00:00]} d6 {[%emt 0:02:44]} 6. a4 {[%emt 0:00:19]} O-O {[%emt 0:04:53]} 7. c3 {[%emt 0:01:23]} a5 {[%emt 0:02:11]} 8. Na3 {[%emt 0:00:20]} Ne7 {[%emt 0:04:56]} 9. Nc2 {[%emt 0:02:15]} Ng6 {[%emt 0:01:17]} 10. Re1 {[%emt 0:01:14]} Be6 {[%emt 0:06:15]} 11. Bxe6 {[%emt 0:03:37]} fxe6 {[%emt 0:00:17]} 12. d4 {[%emt 0:00:11]} Ba7 {[%emt 0:03:09]} 13. dxe5 {[%emt 0:03:16]} Ng4 {[%emt 0:03:57]} 14. Be3 {[%emt 0:22:14]} Bxe3 {[%emt 0:06:24]} 15. Nxe3 {[%emt 0:00:27]} N4xe5 {[%emt 0:00:59]} 16. Nxe5 {[%emt 0:01:59]} Nxe5 {[%emt 0:00:15]} 17. f3 {[%emt 0:00:45]} Qg5 {[%emt 0:05:09]} 18. Kh1 {[%emt 0:04:44]} Rf6 {[%emt 0:00:58]} 19. Qe2 {[%emt 0:04:21]} Raf8 {[%emt 0:03:49]} 20. Rad1 {[%emt 0:06:02]} h5 {[%emt 0:06:22]} 21. Nc4 {[%emt 0:02:26]} h4 {[%emt 0:09:18]} 22. Nxe5 {[%emt 0:05:07]} Qxe5 {[%emt 0:00:12]} 23. h3 {[%emt 0:00:16]} Rg6 {[%emt 0:05:49]} 24. Rf1 {[%emt 0:00:39]} Qf4 {[%emt 0:02:44]} 25. Qd2 {[%emt 0:01:17]} Qxd2 {[%emt 0:04:54]} 26. Rxd2 {[%emt 0:00:09]} e5 {[%emt 0:01:34]} 27. Rd5 {[%emt 0:02:08]} b6 {[%emt 0:00:57]} 28. Rfd1 {[%emt 0:00:17]} Re6 {[%emt 0:01:32]} 29. Kg1 {[%emt 0:01:22]} Kf7 {[%emt 0:01:17]} 30. Kf2 {[%emt 0:00:21]} Ke7 {[%emt 0:03:58]} 1/2-1/2